Statistics for Generator Puzzle #25

Click here to take the quiz!

General Stats

  • This quiz has been taken 732 times
  • The average score is 15 of 21

Answer Stats

HintAnswer% Correct
InexpensiveCheap
96%
Chess, Scrabble, eg.Game
96%
Superhero's cloakCape
94%
AlterChange
86%
Any precious stoneGem
85%
Walking stickCane
84%
Tent site; effeminateCamp
80%
Sheet of glassPane
79%
Execute at the gallowsHang
78%
Common stone fruitPeach
78%
Thanksgiving pie nutPecan
78%
California wine valleyNapa
71%
Japanese comic booksManga
69%
Mouth wide openAgape
62%
Cannabis fiberHemp
62%
Geronimo's tribeApache
54%
9-Letter WordCHAMPAGNE
50%
Be in charge ofManage
50%
Heathen; ungodlyPagan
46%
Magician (archaic)Mage
39%
Clothes pinPeg
38%

Score Distribution

Percentile by Number Answered

Percent of People with Each Score

Your Score History

You have not taken this quiz